00292nam a2200097Ia 4500008004100000100002500041245006900066260003300135300000800168650001800176191201s2003 xx 000 0 und d aKUMARI, Sushil Sadwi 0aHaryana Ki Sant Kavy Parmpra or Swami Barmanand Sarswati Ka Kavy aN. DelhibAnkor Offsatc2003 a368 aGeneral Books